Indian tribes of eastern Peru, (Registro nro. 949)

000 -CABECERA
campo de control de longitud fija 01066cam a22002171 4500
001 - NÚMERO DE CONTROL
campo de control 8258919
005 - FECHA Y HORA DE LA ÚLTIMA TRANSACCIÓN
campo de control 20210418102921.0
008 - DATOS DE LONGITUD FIJA--INFORMACIÓN GENERAL
campo de control de longitud fija 760802s1922 mauafb b 000 0 eng
040 ## - FUENTE DE LA CATALOGACIÓN
Centro catalogador/agencia de origen CENDOC CAAAP
Centro/agencia transcriptor CAAAP
050 ## - SIGNATURA TOPOGRÁFICA DE LA BIBLIOTECA DEL CONGRESO
Número de clasificación FP
Número de documento/Ítem 82.6 F23
100 1# - ENTRADA PRINCIPAL--NOMBRE DE PERSONA
Nombre personal Farabee, William Curtis
9 (RLIN) 2277
245 10 - MENCIÓN DE TÍTULO
Título Indian tribes of eastern Peru,
Mención de responsabilidad, etc. by William Curtis Farabee; introduction by Louis John de Milhau; twenty-eight plates and twenty illustrations in the text.
260 ## - PUBLICACIÓN, DISTRIBUCIÓN, ETC.
Lugar de publicación, distribución, etc. Cambridge, Mass.,
Nombre del editor, distribuidor, etc. The Museum,
Fecha de publicación, distribución, etc. 1922.
300 ## - DESCRIPCIÓN FÍSICA
Extensión xiv, 194 p.,
Otras características físicas il., 28 pl. (incl. mapa pleg.)
Dimensiones 25 cm.
490 0# - MENCIÓN DE SERIE
Mención de serie Papers of the Peabody museum of American archaeology and ethnology, Harvard university, vol. X)
504 ## - NOTA DE BIBLIOGRAFÍA, ETC.
Nota de bibliografía, etc. Bibliografía: p. 183-188.
505 ## - NOTA DE CONTENIDO CON FORMATO
Nota de contenido con formato Arawakan stock -- Panoan stock -- Jivaran stock -- Witotan stock -- Miranhan group -- Tupian stock -- Somatic characters -- Archaeological remains.
650 #0 - PUNTO DE ACCESO ADICIONAL DE MATERIA--TÉRMINO DE MATERIA
Término de materia o nombre geográfico como elemento de entrada Indígenas de América del Sur
Subdivisión geográfica Perú
9 (RLIN) 1985
Subdivisión general Folclore
650 #0 - PUNTO DE ACCESO ADICIONAL DE MATERIA--TÉRMINO DE MATERIA
Término de materia o nombre geográfico como elemento de entrada Indígenas de América del Sur
Subdivisión geográfica Perú
Subdivisión general Lenguas
9 (RLIN) 2278
942 ## - ELEMENTOS PERSONALIZADOS KOHA
Fuente del sistema de clasificación o colocación
Fecha de catalogación DD - MM - AA
Tipo de ítem Koha Libros
Existencias
Fuente del sistema de clasificación o colocación Localización permanente Ubicación/localización actual Fecha de adquisición Total de préstamos Signatura LC Fecha visto por última vez Tipo de ítem Koha
  CENTRO DE DOCUMENTACIÓN (CENDOC) CENTRO DE DOCUMENTACIÓN (CENDOC) 04/18/2021   FP 82.6 F23 04/18/2021 Libros
Centro de Documentación CAAAP | AV. Manuel González Prada 626, Magdalena del Mar | (51-1) 4615223 Anexo 205 y 209 | cendoc@caaap.org.pe